000 00841nam a22001937a 4500
005 20180219122637.0
010 _aB-689592
020 _c450.00
035 _aB-689592
037 _adpl
_bKKP
082 _a344.04233
245 _aThe drugs and cosmetics act, 1940 :
_b(23 of 1940) with the drugs and cosmetics rules, 1945 as amended by (Ninth Amendment) rules, 2017 / /
260 _aDelhi
_bUniversal Law Publishing
_c2018
270 _aLexisNexis, 14th Floor, Building No.10, DLF Cyber City, Phase-II
_bGurgaon
_e122002
300 _axxii,607p.
_c25cm(pbk)
505 _a(Rashtrapati Bhawan)
942 _2ddc
_cEN
_mDRU
_h344.04233
999 _c150038
_d150038